[Event "WTCC-50 2018"]
[Site "Radebeul"]
[Date "2018.07.12"]
[Round "6"]
[White "Schulz, Klaus-Juergen"]
[Black "Jussupow, Artur"]
[Result "1/2-1/2"]
[WhiteElo "2324"]
[BlackElo "2580"]
[Annotator "TA"]
[PlyCount "67"]
[EventDate "2018.07.07"]
[EventType "team-tourn"]
[EventCountry "GER"]
[SourceTitle "playchess.com"]
[Source "ChessBase"]
[SourceQuality "1"]

{[%evp 27,67,51,56,43,51,40,62,69,85,0,25,19,20,0,0,0,18,17,22,22,13,15,18,22,31,18,40,29,35,15,18,16,6,0,0,0,6,8,8,8,9,6]} 1. d4 Nf6 2. c4 e6 3. Nc3 d5 4. Bg5 Nbd7 5. cxd5 exd5 6. e3 Be7 7. Bd3 O-O 8. Qc2 Re8 9. Nf3 Nf8 10. h3 c6 11. O-O Be6 12. Rab1 Rc8 13. b4 {D36: Queen's Gambit Declined: Exchange Variation: Main line (5 Bg5 c6 6 Qc2)} N6d7 (13... Nh5 14. Bxe7 Qxe7 15. Rfc1 Ng6 16. Ne2 a6 17. a4 Bd7 18. Re1 Qf6 19. Nh2 Qd8 20. Nc3 Nf6 {½-½ (106) Sokolov,I (2696)-Asrian,K (2645) Stepanakert 2005}) 14. Bxe7 Qxe7 {LiveBook: 3 Games} 15. Na4 {White is slightly better.} Qf6 16. Nh2 $146 ({Predecessor:} 16. Nd2 a6 17. Nc5 Rc7 18. a4 Nxc5 19. bxc5 Bc8 20. Kh2 {0-1 (31) Perez Felipe,M (2198)-Garcia Padron,J (2420) El Sauzal 2007}) 16... a6 17. Nc5 Nxc5 18. Qxc5 ({White should play} 18. bxc5 $16 Rc7 19. Rb6) 18... Bf5 (18... Nd7 {looks sharper.} 19. Qc2 g6 20. a4 Nb6 21. Rbd1 Qe7) 19. Bxf5 Qxf5 20. Qb6 Rb8 21. a4 Qc8 {[#] ...Nd7 is the strong threat.} 22. b5 Nd7 23. Qa5 axb5 24. axb5 c5 25. dxc5 Qxc5 26. Rfc1 Qb6 27. Qd2 Nf6 28. Nf3 Rbc8 {The position is equal.} 29. Rxc8 Rxc8 30. Rc1 Rxc1+ 31. Qxc1 {[#] White threatens Qc8+ and mate.} Qxb5 32. Qc8+ Qe8 33. Qxb7 g6 34. Qb2 {Precision: White = 61%, Black = 36%.} 1/2-1/2

[Event "WTCC-50 2018"]
[Site "Radebeul"]
[Date "2018.07.12"]
[Round "6"]
[White "Goh, Cheng Hong"]
[Black "Druckenthaner, Andreas"]
[Result "1/2-1/2"]
[WhiteElo "2323"]
[BlackElo "2296"]
[Annotator "NA"]
[PlyCount "78"]
[EventDate "2018.07.07"]
[EventType "team-tourn"]
[EventCountry "GER"]
[SourceTitle "playchess.com"]
[Source "ChessBase"]
[SourceQuality "1"]
[TimeControl "40/5400+30:1800+30"]

1. Nf3 {[%emt 0:00:00]} Nc6 {[%emt 0:00:00]} 2. d4 {[%emt 0:00:49]} d6 {[%emt 0:00:00]} 3. Bf4 {[%emt 0:00:47]} Nf6 {[%emt 0:00:30]} 4. h3 {[%emt 0:01:08]} g6 {[%emt 0:00:18]} 5. e3 {[%emt 0:00:24]} Bg7 {[%emt 0:00:12]} 6. c3 {[%emt 0:03:49]} O-O {[%emt 0:00:55]} 7. Bc4 {[%emt 0:00:22]} Nd7 {[%emt 0:01:40]} 8. O-O {[%emt 0:01:34]} e5 {[%emt 0:01:56]} 9. Bh2 {[%emt 0:00:42]} Qe7 {[%emt 0:05:21]} 10. a4 {[%emt 0:01:42]} Nf6 {[%emt 0:05:27]} 11. Na3 {[%emt 0:06:01]} Bf5 {[%emt 0:06:02]} 12. Re1 {[%emt 0:06:48]} Rad8 {[%emt 0:06:12]} 13. Rc1 {[%emt 0:05:48]} h5 {[%emt 0:08:00]} 14. Bf1 {[%emt 0:08:37]} Ne4 {[%emt 0:09:25]} 15. Nc4 {[%emt 0:07:39]} g5 {[%emt 0:05:55]} 16. Nfd2 {[%emt 0:07:44]} Nxd2 {[%emt 0:02:55]} 17. Nxd2 {[%emt 0:03:33]} Bg6 {[%emt 0:00:34]} 18. Be2 {[%emt 0:00:58]} h4 {[%emt 0:00:41]} 19. d5 {[%emt 0:00:44]} Nb8 {[%emt 0:00:22]} 20. e4 {[%emt 0:01:02]} Nd7 {[%emt 0:01:08]} 21. Bg4 {[%emt 0:02:42]} f5 {[%emt 0:05:39]} 22. exf5 {[%emt 0:02:36]} Bxf5 {[%emt 0:00:07]} 23. Bxf5 {[%emt 0:00:14]} Rxf5 {[%emt 0:00:08]} 24. Ne4 {[%emt 0:00:19]} Nf6 {[%emt 0:03:26]} 25. Nxf6+ {[%emt 0:01:57]} Qxf6 {[%emt 0:00:19]} 26. f3 {[%emt 0:00:34]} Rf8 {[%emt 0:07:24]} 27. Re4 {[%emt 0:02:19]} Qf7 {[%emt 0:02:53]} 28. Qd3 {[%emt 0:01:22]} Qd7 {[%emt 0:02:09]} 29. Rd1 {[%emt 0:02:06]} Bf6 {[%emt 0:02:19]} 30. Kf2 {[%emt 0:05:04]} Bd8 {[%emt 0:00:46]} 31. Ke2 {[%emt 0:00:10]} a6 {[%emt 0:05:34]} 32. Bg1 {[%emt 0:04:36]} Rf4 {[%emt 0:03:19]} 33. Be3 {[%emt 0:01:44]} Rxe4 {[%emt 0:00:13]} 34. Qxe4 {[%emt 0:00:14]} Kg7 {[%emt 0:00:54]} 35. Kd2 {[%emt 0:05:32]} c6 {[%emt 0:04:07]} 36. Kc2 {[%emt 0:03:43]} c5 {[%emt 0:00:17]} 37. b3 {[%emt 0:00:46]} Be7 {[%emt 0:01:06]} 38. Bd2 {[%emt 0:01:52]} Rb8 {[%emt 0:01:47]} 39. Ra1 {[%emt 0:04:41]} b6 {[%emt 0:01:44]} 1/2-1/2

[Event "WTCC-50 2018"]
[Site "Radebeul"]
[Date "2018.07.12"]
[Round "6"]
[White "Titscher, Libor"]
[Black "Weitzer, Steffen"]
[Result "1/2-1/2"]
[WhiteElo "2306"]
[BlackElo "2288"]
[Annotator "NA"]
[PlyCount "47"]
[EventDate "2018.07.07"]
[EventType "team-tourn"]
[EventCountry "GER"]
[SourceTitle "playchess.com"]
[Source "ChessBase"]
[SourceQuality "1"]
[TimeControl "40/5400+30:1800+30"]

1. c4 {[%emt 0:00:28]} f5 {[%emt 0:00:00]} 2. Nc3 {[%emt 0:00:44]} Nf6 {[%emt 0:00:00]} 3. g3 {[%emt 0:00:25]} e6 {[%emt 0:00:11]} 4. Bg2 {[%emt 0:00:52]} d5 {[%emt 0:00:15]} 5. d4 {[%emt 0:01:25]} c6 {[%emt 0:00:22]} 6. Nf3 {[%emt 0:01:31]} Bd6 {[%emt 0:00:16]} 7. O-O {[%emt 0:01:54]} O-O {[%emt 0:00:20]} 8. b3 {[%emt 0:15:38]} Ne4 {[%emt 0:04:13]} 9. Bb2 {[%emt 0:00:38]} Nd7 {[%emt 0:01:13]} 10. Qc2 {[%emt 0:07:10]} Qf6 {[%emt 0:06:05]} 11. Rad1 {[%emt 0:00:45]} Qh6 {[%emt 0:01:30]} 12. Ne5 {[%emt 0:17:11]} Ndf6 {[%emt 0:10:27]} 13. Bc1 {[%emt 0:03:17]} Qh5 {[%emt 0:04:08]} 14. f3 {[%emt 0:02:54]} Nxc3 {[%emt 0:06:12]} 15. Qxc3 {[%emt 0:00:12]} g5 {[%emt 0:05:07]} 16. Rde1 {[%emt 0:16:44]} h6 {[%emt 0:05:50]} 17. e4 {[%emt 0:04:13]} a5 {[%emt 0:08:01]} 18. a3 {[%emt 0:01:38]} Ra6 {[%emt 0:08:39]} 19. Qc2 {[%emt 0:09:32]} Kg7 {[%emt 0:09:06]} 20. Nd3 {[%emt 0:01:57]} dxe4 {[%emt 0:10:26]} 21. fxe4 {[%emt 0:00:31]} Ng4 {[%emt 0:01:52]} 22. Bf3 {[%emt 0:01:13]} fxe4 {[%emt 0:01:52]} 23. Bxg4 {[%emt 0:03:56]} exd3 {[%emt 0:03:35]} 24. Qd1 {[%emt 0:02:07]} 1/2-1/2

[Event "WTCC-50 2018"]
[Site "Radebeul"]
[Date "2018.07.12"]
[Round "6"]
[White "Lewis, Andrew P"]
[Black "Penzold, Andreas"]
[Result "0-1"]
[WhiteElo "2298"]
[BlackElo "2389"]
[Annotator "NA"]
[PlyCount "72"]
[EventDate "2018.07.07"]
[EventType "team-tourn"]
[EventCountry "GER"]
[SourceTitle "playchess.com"]
[Source "ChessBase"]
[SourceQuality "1"]
[TimeControl "40/5400+30:1800+30"]

1. c4 {[%emt 0:00:00]} g6 {[%emt 0:00:00]} 2. Nc3 {[%emt 0:00:18]} Bg7 {[%emt 0:00:58]} 3. d4 {[%emt 0:00:19]} c5 {[%emt 0:00:23]} 4. d5 {[%emt 0:01:13]} Bxc3+ {[%emt 0:01:01]} 5. bxc3 {[%emt 0:00:15]} f5 {[%emt 0:00:09]} 6. e4 {[%emt 0:00:17]} fxe4 {[%emt 0:00:21]} 7. f3 {[%emt 0:00:15]} e5 {[%emt 0:00:37]} 8. dxe6 {[%emt 0:09:22]} Nc6 {[%emt 0:10:46]} 9. Ne2 {[%emt 0:19:52]} exf3 {[%emt 0:24:19]} 10. Ng3 {[%emt 0:00:16]} Qf6 {[%emt 0:00:22]} 11. Qxf3 {[%emt 0:02:49]} Qxf3 {[%emt 0:01:30]} 12. gxf3 {[%emt 0:02:32]} dxe6 {[%emt 0:01:18]} 13. Ne4 {[%emt 0:02:08]} b6 {[%emt 0:01:12]} 14. Bg5 {[%emt 0:06:43]} h6 {[%emt 0:06:11]} 15. Bh4 {[%emt 0:00:59]} Nge7 {[%emt 0:07:21]} 16. Nd6+ {[%emt 0:04:56]} Kf8 {[%emt 0:01:49]} 17. f4 {[%emt 0:02:43]} Ba6 {[%emt 0:15:36]} 18. O-O-O {[%emt 0:12:23]} Na5 {[%emt 0:03:52]} 19. Nb5 {[%emt 0:11:19]} Nf5 {[%emt 0:03:25]} 20. Nc7 {[%emt 0:07:16]} Nxh4 {[%emt 0:02:28]} 21. Bh3 {[%emt 0:05:21]} Bxc4 {[%emt 0:05:20]} 22. Nxa8 {[%emt 0:02:22]} Ke7 {[%emt 0:00:10]} 23. Nc7 {[%emt 0:03:57]} Rc8 {[%emt 0:00:18]} 24. Nxe6 {[%emt 0:01:18]} Bxe6 {[%emt 0:00:17]} 25. Bxe6 {[%emt 0:01:32]} Kxe6 {[%emt 0:00:07]} 26. Rhe1+ {[%emt 0:00:06]} Kf5 {[%emt 0:00:52]} 27. Re5+ {[%emt 0:02:15]} Kxf4 {[%emt 0:00:54]} 28. Rde1 {[%emt 0:00:38]} Nf5 {[%emt 0:00:37]} 29. Re6 {[%emt 0:00:16]} Rc6 {[%emt 0:01:02]} 30. Re8 {[%emt 0:00:20]} h5 {[%emt 0:01:14]} 31. h4 {[%emt 0:00:33]} Rd6 {[%emt 0:00:31]} 32. Rf1+ {[%emt 0:00:33]} Kg3 {[%emt 0:00:18]} 33. Re4 {[%emt 0:00:48]} Nxh4 {[%emt 0:03:41]} 34. Re3+ {[%emt 0:00:31]} Kg2 {[%emt 0:00:22]} 35. Rfe1 {[%emt 0:00:31]} Nf3 {[%emt 0:00:21]} 36. R1e2+ {[%emt 0:00:28]} Kg3 {[%emt 0:00:09]} 0-1

[Event "WTCC-50 2018"]
[Site "Radebeul"]
[Date "2018.07.12"]
[Round "6"]
[White "Denk, Adolf"]
[Black "Chan, Peng Kong"]
[Result "1/2-1/2"]
[WhiteElo "2262"]
[BlackElo "2158"]
[Annotator "NA"]
[PlyCount "49"]
[EventDate "2018.07.07"]
[EventType "team-tourn"]
[EventCountry "GER"]
[SourceTitle "playchess.com"]
[Source "ChessBase"]
[SourceQuality "1"]
[TimeControl "40/5400+30:1800+30"]

1. c4 {[%emt 0:00:00]} e6 {[%emt 0:02:41]} 2. Nf3 {[%emt 0:00:00]} Nf6 {[%emt 0:00:26]} 3. d4 {[%emt 0:00:10]} d5 {[%emt 0:02:41]} 4. Bg5 {[%emt 0:02:53]} Bb4+ {[%emt 0:05:39]} 5. Nc3 {[%emt 0:03:14]} Nbd7 {[%emt 0:04:50]} 6. e3 {[%emt 0:06:23]} c5 {[%emt 0:00:31]} 7. Bxf6 {[%emt 0:22:36]} Nxf6 {[%emt 0:04:41]} 8. cxd5 {[%emt 0:02:33]} exd5 {[%emt 0:00:51]} 9. Bb5+ {[%emt 0:01:56]} Bd7 {[%emt 0:03:17]} 10. Bxd7+ {[%emt 0:06:12]} Qxd7 {[%emt 0:03:57]} 11. dxc5 {[%emt 0:08:27]} O-O {[%emt 0:08:34]} 12. Qb3 {[%emt 0:02:40]} Bxc5 {[%emt 0:09:04]} 13. Rd1 {[%emt 0:04:17]} Rfd8 {[%emt 0:00:48]} 14. O-O {[%emt 0:00:43]} Qe6 {[%emt 0:12:06]} 15. Ne2 {[%emt 0:05:12]} Qb6 {[%emt 0:01:04]} 16. Qxb6 {[%emt 0:00:39]} Bxb6 {[%emt 0:00:07]} 17. Rc1 {[%emt 0:05:45]} Rac8 {[%emt 0:00:15]} 18. Rfd1 {[%emt 0:05:21]} g6 {[%emt 0:00:51]} 19. Kf1 {[%emt 0:01:59]} Kf8 {[%emt 0:02:31]} 20. Rxc8 {[%emt 0:01:14]} Rxc8 {[%emt 0:00:06]} 21. Nc3 {[%emt 0:00:11]} Rd8 {[%emt 0:00:40]} 22. Ke2 {[%emt 0:00:47]} Ke7 {[%emt 0:01:01]} 23. h3 {[%emt 0:04:14]} h5 {[%emt 0:00:41]} 24. Rd3 {[%emt 0:01:04]} a6 {[%emt 0:03:57]} 25. Na4 {[%emt 0:04:48]} 1/2-1/2

[Event "WTCC-50 2018"]
[Site "Radebeul"]
[Date "2018.07.12"]
[Round "6"]
[White "Schoene, Ralf"]
[Black "Page, Mark E"]
[Result "1/2-1/2"]
[WhiteElo "2256"]
[BlackElo "2139"]
[Annotator "NA"]
[PlyCount "114"]
[EventDate "2018.07.07"]
[EventType "team-tourn"]
[EventCountry "GER"]
[SourceTitle "playchess.com"]
[Source "ChessBase"]
[SourceQuality "1"]
[TimeControl "40/5400+30:1800+30"]

1. d4 {[%emt 0:00:00]} Nf6 {[%emt 0:00:00]} 2. c4 {[%emt 0:00:00]} g6 {[%emt 0:00:00]} 3. g3 {[%emt 0:00:00]} Bg7 {[%emt 0:00:05]} 4. Bg2 {[%emt 0:00:00]} O-O {[%emt 0:00:37]} 5. Nc3 {[%emt 0:00:05]} d6 {[%emt 0:00:06]} 6. Nf3 {[%emt 0:00:06]} Nbd7 {[%emt 0:00:48]} 7. O-O {[%emt 0:00:16]} e5 {[%emt 0:01:30]} 8. e4 {[%emt 0:00:26]} exd4 {[%emt 0:01:33]} 9. Nxd4 {[%emt 0:00:16]} Re8 {[%emt 0:00:11]} 10. h3 {[%emt 0:01:50]} a6 {[%emt 0:00:37]} 11. Re1 {[%emt 0:03:01]} Rb8 {[%emt 0:00:11]} 12. Be3 {[%emt 0:11:11]} Ne5 {[%emt 0:16:36]} 13. b3 {[%emt 0:01:46]} c5 {[%emt 0:05:01]} 14. Nde2 {[%emt 0:01:34]} b5 {[%emt 0:02:06] E68: King's Indian: Fianchetto: 6...Nbd7 7 0-0 e5 8 e4} 15. cxb5 {[%emt 0:01:01]} (15. f4 Ned7 16. Qxd6 b4 17. e5 bxc3 18. exf6 Rxe3 19. fxg7 Rb6 20. Qd1 Rbe6 21. Kf2 Qf6 22. Qc2 Re8 23. Rad1 Qe7 24. Rd3 Nf6 25. Rxc3 Bxh3 26. Qd2 Ne4+ {0-1 (26) Wheeler,C (2407)-Bachmann,A (2653) Philadelphia 2017}) 15... axb5 {[%emt 0:00:06]} 16. Qc2 {[%emt 0:03:31]} b4 {[%emt 0:03:29]} 17. Na4 {[%emt 0:01:20]} Bb7 {[%emt 0:07:49]} 18. Rad1 {[%emt 0:03:02]} Qe7 {[%emt 0:02:16]} 19. f3 {[%emt 0:07:39]} Rec8 $146 {[%emt 0:13:02]} ({Predecessor:} 19... Bc6 20. Nb2 Ra8 21. Nc1 Nh5 22. Bf2 {0-1 (39) Ivanov,T (2435)-Belikov,V (2450) Moscow 1994}) 20. Bf2 {[%emt 0:07:28]} Bc6 {[%emt 0:05:38]} 21. Nb2 {[%emt 0:04:00]} Ra8 {[%emt 0:04:52]} 22. Nc1 {[%emt 0:01:17]} Ne8 {[%emt 0:07:40]} 23. f4 {[%emt 0:03:02]} Nd7 {[%emt 0:01:40]} 24. Nc4 {[%emt 0:02:15]} Bc3 {[%emt 0:01:20]} 25. Re2 {[%emt 0:01:06]} Rab8 {[%emt 0:01:17]} 26. Qd3 {[%emt 0:06:25]} Bb5 {[%emt 0:04:57]} 27. a4 {[%emt 0:03:08]} Bxc4 {[%emt 0:02:48]} 28. Qxc4 {[%emt 0:01:08]} Nb6 {[%emt 0:01:29]} 29. Qa6 {[%emt 0:01:28]} Rc7 {[%emt 0:03:49]} 30. Rc2 {[%emt 0:14:12]} Ra7 {[%emt 0:04:18]} 31. Qd3 {[%emt 0:03:28]} c4 {[%emt 0:02:33]} 32. bxc4 {[%emt 0:00:23]} Rxa4 {[%emt 0:00:13]} 33. Ne2 {[%emt 0:00:51]} Bf6 {[%emt 0:03:54]} 34. Qb3 {[%emt 0:01:03]} Qa7 {[%emt 0:02:40]} 35. Nd4 {[%emt 0:04:28]} Ra1 {[%emt 0:00:22]} 36. Rcc1 {[%emt 0:04:58]} Rxc1 {[%emt 0:00:22]} 37. Rxc1 {[%emt 0:00:02]} Qa3 {[%emt 0:01:34]} 38. Qd1 {[%emt 0:01:13]} Bxd4 {[%emt 0:00:38]} 39. Bxd4 {[%emt 0:00:12]} Qxg3 {[%emt 0:00:10]} 40. Qd2 {[%emt 0:01:24]} Na4 {[%emt 0:01:06]} 41. e5 {[%emt 0:32:01]} Nc3 {[%emt 0:03:04]} 42. Bf2 {[%emt 0:00:00]} Ne4 {[%emt 0:00:34]} 43. Bxg3 {[%emt 0:00:00]} Nxd2 {[%emt 0:00:05]} 44. Be1 {[%emt 0:00:00]} Nb3 {[%emt 0:01:18]} 45. Rb1 {[%emt 0:00:00]} Na5 {[%emt 0:03:59]} 46. Bd5 {[%emt 0:00:00]} dxe5 {[%emt 0:01:23]} 47. fxe5 {[%emt 0:00:00]} Nc7 {[%emt 0:10:53]} 48. Rxb4 {[%emt 0:00:00]} Rxb4 {[%emt 0:00:40]} 49. Bxb4 {[%emt 0:00:00]} Nb3 {[%emt 0:00:10]} 50. Kf2 {[%emt 0:00:00]} Ne6 {[%emt 0:02:57]} 51. Bxe6 {[%emt 0:00:00]} ({Better is} 51. Ke3 $16) 51... fxe6 {[%emt 0:00:00]} 52. Ke3 {[%emt 0:00:00]} Kf7 {[%emt 0:00:33]} 53. Kd3 {[%emt 0:00:00]} Ke8 {[%emt 0:00:21]} 54. c5 {[%emt 0:00:00]} Kd7 {[%emt 0:00:44]} 55. Kc4 Nc1 56. Kb5 Nd3 57. c6+ Kc8 $11 1/2-1/2

[Event "WTCC-50 2018"]
[Site "Radebeul"]
[Date "2018.07.12"]
[Round "6"]
[White "Wong, Meng Kong"]
[Black "Wallner, Joachim"]
[Result "0-1"]
[WhiteElo "2248"]
[BlackElo "2311"]
[Annotator "NA"]
[PlyCount "118"]
[EventDate "2018.07.07"]
[EventType "team-tourn"]
[EventCountry "GER"]
[SourceTitle "playchess.com"]
[Source "ChessBase"]
[SourceQuality "1"]
[TimeControl "40/5400+30:1800+30"]

1. e4 {[%emt 0:00:00]} e5 {[%emt 0:00:06]} 2. Nf3 {[%emt 0:00:00]} Nc6 {[%emt 0:00:05]} 3. Bb5 {[%emt 0:00:00]} a6 {[%emt 0:00:03]} 4. Ba4 {[%emt 0:00:00]} Nf6 {[%emt 0:00:04]} 5. O-O {[%emt 0:00:13]} Be7 {[%emt 0:01:03]} 6. Re1 {[%emt 0:00:10]} b5 {[%emt 0:00:03]} 7. Bb3 {[%emt 0:00:03]} d6 {[%emt 0:00:03]} 8. c3 {[%emt 0:00:19]} O-O {[%emt 0:00:08]} 9. d4 {[%emt 0:00:08]} exd4 {[%emt 0:01:44]} 10. cxd4 {[%emt 0:01:46]} Bg4 {[%emt 0:00:21]} 11. Nc3 {[%emt 0:05:00]} Na5 {[%emt 0:02:17]} 12. Bc2 {[%emt 0:00:16]} c5 {[%emt 0:00:25]} 13. dxc5 {[%emt 0:03:27]} dxc5 {[%emt 0:00:06]} 14. Qe2 {[%emt 0:00:10]} Nc6 {[%emt 0:03:24]} 15. Qe3 {[%emt 0:03:13]} Nd4 {[%emt 0:05:10]} 16. Bd1 {[%emt 0:00:30]} Bxf3 {[%emt 0:09:48]} 17. gxf3 {[%emt 0:00:08]} Re8 {[%emt 0:00:15]} 18. Ne2 {[%emt 0:02:16]} Bd6 {[%emt 0:05:21]} 19. Ng3 {[%emt 0:00:54]} Nd5 {[%emt 0:14:02]} 20. exd5 {[%emt 0:02:28]} Rxe3 {[%emt 0:00:10]} 21. fxe3 {[%emt 0:00:07]} Bxg3 {[%emt 0:00:08]} 22. hxg3 {[%emt 0:00:07]} Nf5 {[%emt 0:01:08]} 23. Kg2 {[%emt 0:07:27]} Qg5 {[%emt 0:08:28]} 24. g4 {[%emt 0:00:09]} Nh4+ {[%emt 0:00:23]} 25. Kg3 {[%emt 0:08:00]} Ng6 {[%emt 0:07:59]} 26. Rh1 {[%emt 0:01:58]} Qxd5 {[%emt 0:00:44]} 27. Bc2 {[%emt 0:01:38]} Re8 {[%emt 0:00:43]} 28. Rd1 {[%emt 0:01:49]} Qe6 {[%emt 0:03:27]} 29. f4 {[%emt 0:02:04]} Ne7 {[%emt 0:03:55]} 30. e4 {[%emt 0:03:49]} Nc6 {[%emt 0:01:21]} 31. Be3 {[%emt 0:00:08]} Nb4 {[%emt 0:00:17]} 32. Bb1 {[%emt 0:00:14]} c4 {[%emt 0:00:10]} 33. a3 {[%emt 0:01:30]} Nd3 {[%emt 0:00:07]} 34. Bxd3 {[%emt 0:00:12]} cxd3 {[%emt 0:00:04]} 35. Rxd3 {[%emt 0:00:13]} Qxe4 {[%emt 0:00:07]} 36. Rad1 {[%emt 0:00:16]} h6 {[%emt 0:03:10]} 37. Rc3 {[%emt 0:01:51]} f5 {[%emt 0:03:19]} 38. gxf5 {[%emt 0:01:09]} Qxf5 {[%emt 0:02:53]} 39. Rg1 {[%emt 0:01:10]} Re6 {[%emt 0:03:05]} 40. Kf2 {[%emt 0:01:26]} Rg6 {[%emt 0:04:17]} 41. Rxg6 {[%emt 0:33:21]} Qxg6 {[%emt 0:30:02]} 42. Bd4 {[%emt 0:00:53]} Qe4 {[%emt 0:02:09]} 43. Be3 {[%emt 0:02:28]} h5 {[%emt 0:01:51]} 44. Bd2 {[%emt 0:03:02]} Kh7 {[%emt 0:02:07]} 45. Rh3 {[%emt 0:02:46]} g6 {[%emt 0:00:34]} 46. b4 {[%emt 0:01:09]} Qc2 {[%emt 0:00:58]} 47. Ke1 {[%emt 0:00:50]} Qf5 {[%emt 0:00:54]} 48. Rc3 {[%emt 0:01:25]} h4 {[%emt 0:01:04]} 49. Kf2 {[%emt 0:03:21]} Qg4 {[%emt 0:01:15]} 50. Be1 {[%emt 0:03:43]} Qxf4+ {[%emt 0:03:05]} 51. Rf3 {[%emt 0:00:05]} Qh2+ {[%emt 0:00:35]} 52. Ke3 {[%emt 0:00:11]} g5 {[%emt 0:00:28]} 53. Bc3 {[%emt 0:00:24]} Qg1+ {[%emt 0:01:00]} 54. Ke2 {[%emt 0:00:49]} Qg2+ {[%emt 0:00:50]} 55. Ke3 {[%emt 0:00:34]} h3 {[%emt 0:00:37]} 56. Be5 {[%emt 0:00:31]} h2 {[%emt 0:00:50]} 57. Rf7+ {[%emt 0:00:40]} Kg8 {[%emt 0:00:14]} 58. Rg7+ {[%emt 0:01:04]} Kf8 {[%emt 0:00:05]} 59. Rh7 {[%emt 0:00:05]} h1=Q {[%emt 0:00:09]} 0-1

[Event "WTCC-50 2018"]
[Site "Radebeul"]
[Date "2018.07.12"]
[Round "6"]
[White "Findlay, Ian T"]
[Black "Boehm, Martin"]
[Result "1-0"]
[WhiteElo "2244"]
[BlackElo "2172"]
[Annotator "NA"]
[PlyCount "63"]
[EventDate "2018.07.07"]
[EventType "team-tourn"]
[EventCountry "GER"]
[SourceTitle "playchess.com"]
[Source "ChessBase"]
[SourceQuality "1"]
[TimeControl "40/5400+30:1800+30"]

1. e4 {[%emt 0:00:00]} g6 {[%emt 0:00:20]} 2. d4 {[%emt 0:00:00]} Bg7 {[%emt 0:00:05]} 3. Nc3 {[%emt 0:00:00]} d6 {[%emt 0:00:15]} 4. Be3 {[%emt 0:02:08]} c6 {[%emt 0:02:51]} 5. Qd2 {[%emt 0:00:48]} b5 {[%emt 0:02:07]} 6. Bd3 {[%emt 0:04:30]} Nd7 {[%emt 0:02:49]} 7. Nf3 {[%emt 0:02:47]} Nb6 {[%emt 0:02:10]} 8. b3 {[%emt 0:05:58]} h6 {[%emt 0:11:44]} 9. h3 {[%emt 0:03:28]} Bd7 {[%emt 0:10:31]} 10. O-O {[%emt 0:02:10]} Nf6 {[%emt 0:04:23]} 11. Rfe1 {[%emt 0:02:45]} Kf8 {[%emt 0:03:00]} 12. Bf4 {[%emt 0:14:50]} g5 {[%emt 0:09:57]} 13. Bh2 {[%emt 0:01:00]} g4 {[%emt 0:00:23]} 14. hxg4 {[%emt 0:00:28]} Nxg4 {[%emt 0:00:31]} 15. Bg3 {[%emt 0:00:19]} e5 {[%emt 0:01:20]} 16. dxe5 {[%emt 0:02:57]} dxe5 {[%emt 0:03:20]} 17. a4 {[%emt 0:01:26]} b4 {[%emt 0:01:16]} 18. Nd1 {[%emt 0:01:49]} Qe7 {[%emt 0:05:06]} 19. a5 {[%emt 0:00:35]} Nc8 {[%emt 0:00:27]} 20. Ne3 {[%emt 0:03:17]} Qc5 {[%emt 0:02:50]} 21. Bc4 {[%emt 0:02:54]} Nd6 {[%emt 0:05:04]} 22. Bxf7 {[%emt 0:18:29]} Rd8 {[%emt 0:07:19]} 23. Bg6 {[%emt 0:02:10]} Bf6 {[%emt 0:02:46]} 24. Rad1 {[%emt 0:11:40]} Bc8 {[%emt 0:10:24]} 25. Bh5 {[%emt 0:08:04]} Nb7 {[%emt 0:05:22]} 26. Qe2 {[%emt 0:01:11]} Nxe3 {[%emt 0:00:31]} 27. Rxd8+ {[%emt 0:00:31]} Nxd8 {[%emt 0:02:45]} 28. Qxe3 {[%emt 0:00:07]} Qxa5 {[%emt 0:00:25]} 29. Rd1 {[%emt 0:01:22]} Ne6 {[%emt 0:02:09]} 30. Nh4 {[%emt 0:01:20]} Bxh4 {[%emt 0:01:29]} 31. Bxh4 {[%emt 0:00:03]} Nf4 {[%emt 0:00:11]} 32. Rd8+ {[%emt 0:00:34]} 1-0

[Event "WTCC-50 2018"]
[Site "Radebeul"]
[Date "2018.07.12"]
[Round "6"]
[White "Kempter, Ronald"]
[Black "Becker, Norbert"]
[Result "1-0"]
[WhiteElo "2233"]
[BlackElo "2105"]
[Annotator "NA"]
[PlyCount "25"]
[EventDate "2018.07.07"]
[EventType "team-tourn"]
[EventCountry "GER"]
[SourceTitle "playchess.com"]
[Source "ChessBase"]
[SourceQuality "1"]
[TimeControl "40/5400+30:1800+30"]

1. Nf3 {[%emt 0:00:00]} c5 {[%emt 0:00:46]} 2. c4 {[%emt 0:01:27]} Nf6 {[%emt 0:02:51]} 3. g3 {[%emt 0:00:18]} e6 {[%emt 0:02:17]} 4. Bg2 {[%emt 0:03:33]} d5 {[%emt 0:01:21]} 5. O-O {[%emt 0:04:16]} Nc6 {[%emt 0:01:47]} 6. d4 {[%emt 0:00:08]} Be7 {[%emt 0:06:04]} 7. cxd5 {[%emt 0:04:52]} exd5 {[%emt 0:05:39]} 8. Nc3 {[%emt 0:00:10]} O-O {[%emt 0:03:27]} 9. Bg5 {[%emt 0:01:16]} c4 {[%emt 0:04:57]} 10. Ne5 {[%emt 0:07:47]} Be6 {[%emt 0:00:35]} 11. Qd2 {[%emt 0:19:19]} Qa5 {[%emt 0:11:08]} 12. Nxc6 {[%emt 0:03:07]} bxc6 {[%emt 0:02:13]} 13. Nxd5 {[%emt 0:00:26]} 1-0